Statystyki dla Wszystkie piosenki - Young Igi

Kliknij tutaj aby rozwiązać quiz!

Ogólne statystyki

  • Ten quiz został rozwiązany 361 razy
    (240 od ostatniego zresetowania)
  • Średni wynik to 47 z 98

Statystyki odpowiedzi

HintOdpowiedź% Poprawnych
TrappistMówiłaś
89%
KonfettiBestia
88%
OIO (z Oki & Otsochodzi)Amerykańskie Teledyski
69%
Notatki z MarginesuMałe Krople
68%
OIO (z Oki & Otsochodzi)Worki W Tłum
67%
amfisbena (DELUXE) (z Żabson)Polski Karnawał
66%
OIO (z Oki & Otsochodzi)MVP
65%
OIO (z Oki & Otsochodzi)Moonwalk
64%
amfisbena (z Żabson)Icey
63%
Notatki z MarginesuIntro
63%
Skan MyśliTHC (feat. Włodi)
63%
Skan MyśliPromienie Słońca
62%
OIO (z Oki & Otsochodzi)Biggie
61%
OIO (z Oki & Otsochodzi)Przypadkiem
61%
amfisbena (DELUXE) (z Żabson)Robotniczy Trap
60%
OIO (z Oki & Otsochodzi)WMTB
60%
TrappistKush (feat. Pikers)
59%
Notatki z MarginesuOutro
59%
KonfettiStyl (feat. Miyo)
59%
Notatki z MarginesuLas Vegas
58%
!G! TAPE #1Oznaka Mężczyzn
57%
KonfettiNemo
56%
Notatki z MarginesuPleasure (feat. Oki)
56%
Notatki z MarginesuIcy Baby
55%
!G! TAPE #1Balenciaga
54%
KonfettiBig Ben
54%
amfisbena (z Żabson)Ziemia Na Marsie
54%
Skan MyśliMama
53%
amfisbena (DELUXE) (z Żabson)Buty Na Rzepy
52%
Skan MyśliDroptop
52%
KonfettiJebany Trap (feat. Pikers)
52%
Skan MyśliIdealne Połączenie (feat. Jan-Rapowanie)
51%
Notatki z MarginesuRytm Pracy
51%
Notatki z MarginesuSzmal
51%
Skan MyśliBezdomny
50%
!G! TAPE #1Kokaina
50%
KonfettiLEGO (feat. Peja)
50%
TrappistMłody Kot
50%
OIO (z Oki & Otsochodzi)Morze Łez
50%
OIO (z Oki & Otsochodzi)Paleta Barw
50%
TrappistActavis
49%
OIO (z Oki & Otsochodzi)Potłuczone Szkła
49%
TrappistInimaniminimanimo
48%
Skan MyśliPamiętnik EX
48%
TrappistPodaj Ogień Mi
48%
OIO (z Oki & Otsochodzi)Transparentny
48%
Notatki z MarginesuBBL (feat. Rusina)
47%
!G! TAPE #1Złoty Środek
47%
KonfettiDred
46%
KonfettiFendi
46%
Notatki z MarginesuHoodlove
46%
Skan MyśliInny Gatunek (feat. Kizo)
46%
OIO (z Oki & Otsochodzi)Jak To Ma Być
46%
Skan MyśliJet Lag
46%
OIO (z Oki & Otsochodzi)Trendsetting
46%
TrappistPozdrowienia (feat. Pikers)
45%
Notatki z MarginesuTo Właśnie To
45%
OIO (z Oki & Otsochodzi)5 AM
44%
KonfettiFlava (feat. Kaz Bałagane)
44%
KonfettiGiń Za Mnie (feat. Szpaku)
44%
amfisbena (z Żabson)James Bond
44%
Notatki z MarginesuPelargonie
44%
!G! TAPE #1Rodzina To Wszystko
44%
amfisbena (DELUXE) (z Żabson)Sahara
44%
KonfettiNie Potrafię
43%
Skan MyśliClipper (feat. Qry)
42%
amfisbena (z Żabson)Kap Kap
42%
KonfettiTorby (feat. Miyo)
42%
Notatki z MarginesuAha Aha
41%
!G! TAPE #1Asteroida
41%
TrappistBankroll
41%
!G! TAPE #1Kieszenie Pełne
41%
Skan MyśliMamy Bardzo Dużo
41%
OIO (z Oki & Otsochodzi)Oni Nie Zamkną Mnie
41%
Skan MyśliSerio
41%
!G! TAPE #1Bzdura
40%
TrappistJeden
39%
TrappistJedyne Co Potrafię
39%
TrappistPatek Philippe
39%
OIO (z Oki & Otsochodzi)Podzielony
39%
Notatki z MarginesuŚmiechu Warte
39%
KonfettiDaj Mi Znać
38%
amfisbena (z Żabson)#FreeBritney
38%
TrappistPatrzysz Się (feat. Pikers)
38%
Skan MyśliProstsze
38%
KonfettiRichard Millie (feat. Otsochodzi)
38%
Notatki z MarginesuHustlin Freestyle (feat. Oki)
36%
Notatki z MarginesuMyślę Po Nocach
35%
amfisbena (z Żabson)Relax
35%
!G! TAPE #1Więcej Wart
35%
amfisbena (DELUXE) (z Żabson)Scam
34%
amfisbena (z Żabson)Nie Wszystek Umrę
33%
Notatki z MarginesuTrapuje Nie Żałuję
33%
amfisbena (z Żabson)Perfekcja
31%
amfisbena (DELUXE) (z Żabson)Lifestyle
28%
amfisbena (DELUXE) (z Żabson)Kiedy Skończę Karierę
27%
amfisbena (DELUXE) (z Żabson)Widzę Siebie
25%
OIO (z Oki & Otsochodzi)Oczywiście Nie
19%

Rozkład punktacji

Percentyl według liczby udzielonych odpowiedzi

Procent ludzi z każdym wynikiem

Twoja historia wyników

Nie rozwiązałeś tego quizu od ostatniego zresetowania